| 000 | 00377nam a2200145Ia 4500 | ||
|---|---|---|---|
| 008 | 150201s2008 xx 000 0 und d | ||
| 082 |
_a612.3 _bM08A |
||
| 100 | _aALPERS, DAVID H. | ||
| 245 | _aMANUAL OF NUTRITIONAL THERAPEUTIES | ||
| 250 | _a5TH | ||
| 260 |
_bWOLTER KLUMER _aDELHI _c2008 |
||
| 300 | _a1-642 | ||
| 650 | _aOTHER CLINICAL & NON CLINICAL BOOKS | ||
| 942 |
_2ddc _cBK |
||
| 999 |
_c287 _d287 |
||